| 000 | 00706nam a22002057a 4500 | ||
|---|---|---|---|
| 999 |
_c17040 _d17040 |
||
| 003 | AR-CdUCM | ||
| 008 | 190507b ||||| |||| 00| 0 eng d | ||
| 040 |
_aMUNICIPALIDAD PROVINCIAL DEL CUSCO _cBIBLIOTECA MUNICIPAL DEL CUSCO |
||
| 082 |
_22ed _a415 / _bK78 |
||
| 100 |
_aKovacci, Ofelia Marí _936856 |
||
| 245 | _aTendencias actuales de la gramática / | ||
| 260 |
_aBuenos Aires : _bNuevos esquemas, _c1971. |
||
| 300 |
_a302 páginas ; _c17 cm. |
||
| 505 | _aContenido: Ferdinand de Saussure -- Escuela de Praga -- Glosemática... | ||
| 650 |
_aGramática generativa _936857 |
||
| 650 |
_aEscuela de Praga _936858 |
||
| 650 |
_aGramática _99175 |
||
| 942 |
_2ddc _cLIBROS |
||
| 945 |
_adavv _d07/05/2019 |
||